[Каталог] (Запись № 7725788)

Подробности
000 -МАРКЕР
контрольное поле 01493nam0a22003251 4500
001 - ИДЕНТИФИКАТОР ЗАПИСИ
контрольное поле rc\3780153
005 - ИДЕНТИФИКАТОР ВЕРСИИ
контрольное поле 20140711094146.0
021 ## - НОМЕР ГОСУДАРСТВЕННОЙ РЕГИСТРАЦИИ
Код страны Российская Федерация
Номер Рг3192-76
035 ## - ДРУГИЕ СИСТЕМНЫЕ НОМЕРА
Идентификатор записи (NLR Aleph) 007230525
100 ## - ДАННЫЕ ОБЩЕЙ ОБРАБОТКИ
Данные общей обработки 20120207d1975 |||y0rusy50 ca
101 0# - ЯЗЫК РЕСУРСА
Язык текста, звукозаписи и т.д. русский
102 ## - СТРАНА ПУБЛИКАЦИИ ИЛИ ПРОИЗВОДСТВА
Страна публикации Российская Федерация
105 ## - ПОЛЕ КОДИРОВАННЫХ ДАННЫХ: ТЕКСТОВЫЕ МАТЕРИАЛЫ, МОНОГРАФИЧЕСКИЕ
Кодированные данные о монографическом текстовом документе a b |||||
200 1# - ЗАГЛАВИЕ И СВЕДЕНИЯ ОБ ОТВЕТСТВЕННОСТИ
Основное заглавие [Каталог]
Первые сведения об ответственности Крым. обл. упр. культуры. Крым. организация Союза художников УССР. Обл. худож. выставка, посвящ. 30-летию Победы в Великой Отечественной войне
210 ## - ПУБЛИКАЦИЯ, РАСПРОСТРАНЕНИЕ И ДР.
Место издания, распространения и т.д. Симферополь
Имя издателя, распространителя и т. д. Б. и.
Дата издания, распространения и т.д. 1975
215 ## - ФИЗИЧЕСКАЯ ХАРАКТЕРИСТИКА
Специфическое обозначение материала и объем 24 с.
Другие сведения о физической характеристике ил.
Размеры 20
300 ## - ОБЩИЕ ПРИМЕЧАНИЯ
Текст примечания На обороте тит. л. сост.: Л.Д. Холкина и Л.К. Ильяшенко
300 ## - ОБЩИЕ ПРИМЕЧАНИЯ
Текст примечания На обл. загл.: Подвиг народа бессмертен
512 0# - ЗАГЛАВИЕ ОБЛОЖКИ
Заглавие обложки Подвиг народа бессмертен
532 13 - РАСШИРЕННОЕ ЗАГЛАВИЕ
Заглавие Каталог]
702 #1 - ИМЯ ЛИЦА - ВТОРИЧНАЯ ОТВЕТСТВЕННОСТЬ
Начальный элемент ввода Холкина
Часть имени, кроме начального элемента ввода Л. Д.
Расширение инициалов личного имени Леония Дмитриевна
Код отношения Составитель
702 #1 - ИМЯ ЛИЦА - ВТОРИЧНАЯ ОТВЕТСТВЕННОСТЬ
Начальный элемент ввода Ильяшенко
Часть имени, кроме начального элемента ввода Л. К.
Код отношения Составитель
710 12 - НАИМЕНОВАНИЕ ОРГАНИЗАЦИИ - ПЕРВИЧНАЯ ОТВЕТСТВЕННОСТЬ
Начальный элемент ввода Крымская обл. художественная выставка, посвященная 30-летию победы в Великой Отечественной войне (1975; Симферополь)
801 #0 - ИСТОЧНИК ЗАПИСИ
Страна Российская Федерация
Организация NLR
Правила каталогизации psbo
801 #1 - ИСТОЧНИК ЗАПИСИ
Страна Российская Федерация
Организация ELAR
Источник данных rusmarc
852 ## - МЕСТОНАХОЖДЕНИЕ И ШИФР ХРАНЕНИЯ
Идентификатор организации NLR
Наименование фонда или коллекции (Sub-Location Identifier) Э
Шифр хранения (Call Number) КС379/1975
942 ## - ДОПОЛНИТЕЛЬНЫЕ ЭЛЕМЕНТЫ ЗАПИСИ (АБИС)
Тип экземпляра АБИС Книга
980 ## - КОЛЛЕКЦИЯ
Название коллекции Национальная библиография
Экземпляры
Тип экземпляра Дата поступления Библиотека постоянного хранения Библиотека текущего хранения Место хранения Шифр хранения Штрих-код Статус экземпляра
Книга 26.10.2013 РНБ (Садовая) РНБ (Садовая) Фонд эстампов и фотографий (изоизданий) Э КС379/1975 7230525-10